| 000 | 00781ngm a22003130a 4500 | ||
|---|---|---|---|
| 001 | PT55629 | ||
| 003 | AR-LpoUNG | ||
| 005 | 20210201232359.0 | ||
| 007 | co ||u|||uuuuu | ||
| 008 | 191001s2014||||ag |||||||||||||||||spa d | ||
| 040 |
_aAR-LpoUNG _bspa _cAR-LpoUNG _eaacr |
||
| 041 | _aspa | ||
| 044 | _aag | ||
| 082 | 0 | _aA863 958v1 | |
| 100 | 1 | _aAvila, María Cristina | |
| 245 | 1 | 0 | _aAire canción y candombe |
| 250 | _a1ra. ed. | ||
| 260 |
_aLos Polvorines : _bLoquevendrá, _c2014. |
||
| 650 | 4 | _aARGENTINA | |
| 650 | 4 | _aCUENTOS | |
| 650 | 4 | _aLITERATURA | |
| 650 | 4 | _aMUSICA | |
| 651 | 4 | _aDOCUMENTOS TEORICOS O METODOLOGICOS | |
| 653 | _aAUTORES LOCALES | ||
| 653 | _aLITERATURA ARGENTINA | ||
| 700 | 1 | _aSkialpi, Mariano | |
| 905 | _a55629 | ||
| 942 | _cCDDVD | ||
| 999 |
_c53514 _d53514 |
||